00263nam a2200121Ia 4500008004100000041000900041082001800050100002000068245001500088260002200103300000800125650000800133230718s9999 xx 000 0 und d aEng. a658.42bCUT-F aCutney, Steppen 0aFamily (aw aPakistanb-c1982 a196 aLaw